| 000 -LEADER |
| fixed length control field |
02065 a2200229 4500 |
| 003 - CONTROL NUMBER IDENTIFIER |
| control field |
Nust |
| 005 - DATE AND TIME OF LATEST TRANSACTION |
| control field |
20221102115503.0 |
| 010 ## - LIBRARY OF CONGRESS CONTROL NUMBER |
| LC control number |
95002344 |
| 020 ## - INTERNATIONAL STANDARD BOOK NUMBER |
| International Standard Book Number |
0123825806 (pbk. : acid-free paper) |
| 040 ## - CATALOGING SOURCE |
| Transcribing agency |
Nust |
| 082 00 - DEWEY DECIMAL CLASSIFICATION NUMBER |
| Classification number |
510,JEF |
| 100 1# - MAIN ENTRY--PERSONAL NAME |
| Personal name |
Jeffrey, Alan. |
| 9 (RLIN) |
38997 |
| 245 10 - TITLE STATEMENT |
| Title |
Handbook of mathematical formulas and integrals / |
| Statement of responsibility, etc. |
Alan Jeffrey. |
| 246 30 - VARYING FORM OF TITLE |
| Title proper/short title |
Mathematical formulas and integrals |
| 250 ## - EDITION STATEMENT |
| Edition statement |
3rd ed |
| 260 ## - PUBLICATION, DISTRIBUTION, ETC. |
| Place of publication, distribution, etc. |
San Diego : |
| Name of publisher, distributor, etc. |
Academic Press, |
| Date of publication, distribution, etc. |
2004. |
| 300 ## - PHYSICAL DESCRIPTION |
| Extent |
xxvi, 453p. : |
| Other physical details |
ill. ; |
| Dimensions |
24 cm. |
| 505 ## - FORMATTED CONTENTS NOTE |
| Formatted contents note |
Quick Reference List of Frequently Used Data (Page-1), Numerical Algebraic and Analytical Results for series and Calculus (Page-25), Functions and Identities (Page-101), Derivatives of Elementary Functions (Page-139), Indefinite Integrals of Algebraic Functions (Page-145), Indefinite Integrals of Exponential Functions (Page-167), Indefinite Integrals of Logarithmic Functions (Page-173), Indefinite Integrals of Hyperbolic Functions (Page-179), Indefinite integrals Involving Inverse Hyperbolic Functions (Page-191), Indefinite Integrals of Trigonometric Functions (Page-197), Indefinite Integrals of Inverse Trigonometric Function (Page-215), The Gamma Beta PI and Psi Functions (Page-221), Elliptic Integrals and Functions (Page-229), Probability Integrals and the Error Functions (Page-239)Fresnel Integrals Sine and Cosine Integrals (Page-245), Definite Integrals (Page-249), Different Forms of Fourier Series (Page-257), Bessel Functions (Page-269), Orthogonal Polynomials (Page-285), Laplace Transformation (Page-299), Fourier Transforms (Page-307), Numerical Integral (Page-315), Solutions of Standard Ordinary Differential Equations (Page-321), Vector Analysis (Page-353), Systems of Orthogonal Coordinates (Page-369), Partial Differential Equations and Special Functions (Page-381), The Z- Transform (Page-403), Numerical Approximation (Page-409), Solutions of Elliptic ,Parabolic and Hyperbolic Equations (Page-419). |
| 650 #0 - SUBJECT ADDED ENTRY--TOPICAL TERM |
| Topical term or geographic name entry element |
Mathematics |
| 650 #0 - SUBJECT ADDED ENTRY--TOPICAL TERM |
| Topical term or geographic name entry element |
Mathematics |
| 9 (RLIN) |
102241 |
| 942 ## - ADDED ENTRY ELEMENTS (KOHA) |
| Source of classification or shelving scheme |
|
| Koha item type |
Book |
| Call number prefix |
510,JEF |